[Event "83rd ESP-ch Women-ch 2018"]
[Site "Linares"]
[Date "2018.08.23"]
[Round "4"]
[White "Roldan Marques, Daniel"]
[Black "Castellanos Gomez, Alejandro"]
[Result "1-0"]
[WhiteElo "2161"]
[BlackElo "2320"]
[Annotator "TA"]
[PlyCount "145"]
[EventDate "2018.08.09"]
[EventType "tourn"]
[EventCountry "ESP"]
[SourceTitle "playchess.com"]
[Source "ChessBase"]
[SourceQuality "1"]

{[%evp 26,145,14,8,15,10,20,11,9,16,28,25,25,23,27,-88,0,-263,-271,-262,-16,-84,0,0,0,-132,-131,-141,119,63,185,189,189,190,183,197,185,185,213,198,209,187,197,204,199,145,314,316,260,180,179,175,170,177,215,221,210,210,195,146,150,105,105,105,116,104,158,142,330,332,437,432,467,431,572,561,503,461,646,636,781,781,794,734,995,959,1137,834,1050,816,785,652,633,529,575,574,561,524,714,652,687,651,737,734,925,900,1079,899,923,723,773,750,1337,1190,29963,29967,29970,4960,29990,29991,29992,29993]} 1. d4 e6 2. c4 Nf6 3. Nf3 b6 4. e3 Bb7 5. Bd3 d5 6. O-O Bd6 7. b3 O-O 8. Nc3 Nbd7 9. Nb5 Be7 10. Bb2 a6 11. Nc3 Bd6 12. Qe2 Ne4 13. Rfd1 {E14: Queen's Indian: Classical Variation (4 e3)} (13. a4 a5 14. cxd5 exd5 15. Nb5 Bb4 16. Qc2 c6 17. Nc3 f5 18. Ne2 Qe7 19. Ne5 Nxe5 20. dxe5 g6 {0-1 (43) Sargissian,G (2672)-Riazantsev,A (2650) Riadh 2017}) 13... f5 14. Ne5 {LiveBook: 3 Games} Nxe5 15. dxe5 {The position is equal.} Bxe5 16. Nxe4 Bxb2 17. Qxb2 fxe4 18. Bxe4 Qh4 19. Bd3 $146 ({Predecessor:} 19. Bf3 Qg5 20. Qe2 Rf6 {½-½ (18) Roldan Marques,D (2255)-Bayo Milagro,A (2273) Zaragoza 2017}) 19... Rf6 20. Qc2 (20. g3 $11 {remains equal.} Qh5 21. Qe2) 20... Raf8 (20... dxc4 $17 21. Bf1 Be4) 21. Rd2 $2 {[%mdl 8192]} (21. f4 $11) 21... Rh6 $19 (21... dxc4 22. Qxc4 Qxc4 23. Bxc4 $14) 22. h3 Qg5 $2 (22... dxc4 23. Qxc4 Qg5 24. Qg4 $14) (22... d4 $1 $19 23. e4 Rg6) 23. cxd5 $1 $11 Bxd5 (23... Rxh3 $1 $17 {aiming for ...Rh6.} 24. Rad1 Rh6 25. Qxc7 Qh4) 24. e4 $1 {[%cal Re4d5]} Ba8 25. Kh1 {[#]} (25. Rad1 $1 $11 {was the only way to keep the balance.}) 25... Rf3 $1 $17 {[%cal Rf3h3][%mdl 512] ( -> ...Rfxh3+!)} 26. Bf1 {[#] Rad1 is the strong threat.} (26. gxf3 Rxh3#) 26... Rg6 $2 {[%mdl 8192]} (26... Rfxh3+ $1 $17 {[%mdl 512] keeps the pressure on.} 27. gxh3 Rg6 28. Rd8+ Qxd8) 27. g3 (27. Rad1 $1 $16 Rxh3+ 28. Kg1) 27... Rf4 ({Black should play} 27... Rf8 $14 28. Rad1 Rgf6) 28. Bg2 $1 $18 Rf8 29. Rad1 {[%cal Ba1d1,Bd1d2,Bd2d6][%mdl 32]} c5 30. Rd6 Rgf6 31. R1d2 e5 32. Qc4+ Kh8 33. Qxa6 Rxd6 34. Rxd6 h5 35. Qe2 (35. Qxb6 Qc1+ 36. Kh2 Kh7 $16) (35. h4 $18 Qc1+ 36. Kh2) 35... b5 $2 (35... h4 $16 36. gxh4 (36. Rxb6 hxg3 37. fxg3 Qxg3 $18) 36... Qxh4) 36. h4 Qg4 37. Qxg4 ({Weaker is} 37. Qxb5 Bxe4 38. Bxe4 (38. Qf1 Qxg3 39. Bxe4 Qxh4+ 40. Kg1 Qxe4 $17) 38... Qxe4+ 39. Kg1 Qc2 $16) 37... hxg4 {[%mdl 4096] Endgame KRB-KRB} 38. Rb6 $1 b4 39. Re6 Kh7 40. Kg1 Rd8 41. Rxe5 Rd1+ 42. Kh2 {Black must now prevent Rh5+.} Rd2 43. Rxc5 {Hoping for Rh5+.} Rxf2 {Strongly threatening ...Bxe4.} 44. Rc4 Rxa2 45. Rxb4 Bc6 (45... Rd2 $142 46. Kg1 Rd3) 46. Kg1 $1 $16 Ra1+ $2 {[#]} (46... Re2 $16 {is a better defense.} 47. Rb6 Bxe4 48. Bxe4+ Rxe4) 47. Bf1 $1 $18 Rd1 48. Kf2 Rb1 49. Be2 Bd7 50. Rb6 Rb2 51. b4 Rb3 (51... Kg8 $142 52. Ke3 Kf8) 52. e5 Rb2 53. Ke3 Bf5 54. Kf4 Bg6 55. Bxg4 Rf2+ 56. Ke3 Rc2 57. Be2 Rc3+ 58. Kf2 Rc2 59. Ke1 Rc1+ 60. Kd2 Rc2+ {[#]} 61. Kd1 $1 Rc3 62. g4 Re3 63. Rb5 Bf7 64. Rc5 Be6 65. Kd2 Rg3 66. Rc3 Rg2 67. Re3 Rh2 68. h5 Bxg4 69. e6 Bxh5 70. b5 {[%cal Bb4b5,Bb5b6,Bb6b7][%mdl 32]} Be8 71. b6 {Threatening mate with b7.} Rh1 72. b7 Rb1 73. Bd3+ {Precision: White = 75%, Black = 26%.} 1-0

[Event "83rd ESP-ch Women-ch 2018"]
[Site "Linares"]
[Date "2018.08.23"]
[Round "4"]
[White "Lopez Guerrero, Jose Miguel"]
[Black "Domingo Nunez, Ruben"]
[Result "0-1"]
[WhiteElo "2148"]
[BlackElo "2318"]
[Annotator "TA"]
[PlyCount "112"]
[EventDate "2018.08.09"]
[EventType "tourn"]
[EventCountry "ESP"]
[SourceTitle "playchess.com"]
[Source "ChessBase"]
[SourceQuality "1"]

{[%evp 10,112,19,0,52,52,41,0,0,0,8,-23,-18,-25,-24,-47,8,5,8,-4,0,-10,-12,-18,14,0,29,0,4,0,12,0,31,28,64,0,68,30,33,34,40,35,37,27,56,52,59,37,50,33,36,23,35,33,35,31,60,48,88,25,84,85,90,84,106,62,59,50,48,48,52,0,20,-46,-47,-113,-109,-89,-96,-293,-284,-475,-473,-472,-465,-447,-442,-425,-363,-945,-927,-4698,-1420,-12833,-12833,-12833,-12831,-12837,-12835,-12836,-12836,-12839,-12838,-5031,-4794]} 1. e4 c5 2. Nf3 Nc6 3. Bb5 g6 4. O-O Bg7 5. d3 d6 6. Nc3 {LiveBook: 19 Games. B31: Sicilian: 2...Nc6 3 Bb5 g6} (6. Re1 Bd7 7. c3 Nf6 8. d4 O-O 9. Bxc6 Bxc6 10. d5 Bd7 11. h3 b5 12. a4 b4 13. e5 dxe5 14. Nxe5 {½-½ (70) Zvjaginsev,V (2643)-Dubov,D (2666) Sochi 2017}) 6... a6 (6... Bd7 $11) 7. Bxc6+ $1 $14 bxc6 8. Re1 {White is slightly better.} e5 9. Bg5 $146 ({Predecessor:} 9. Ne2 Nf6 10. Ng3 Qb6 11. h3 O-O 12. Rb1 Be6 13. b3 h6 14. Be3 Qc7 {1-0 (35) Csoke,K (2280)-Farkas,G (2197) Hungary 2014}) 9... Qc7 10. Qd2 h6 11. Be3 Bg4 12. Kh1 Ne7 (12... Rb8 $15) 13. Ng1 $1 $11 {[%cal Bf3g1,Bg1e2,Be2g3][%mdl 32]} Be6 14. b3 g5 15. Nge2 f5 16. exf5 Nxf5 17. Ne4 Bf7 18. Rab1 O-O 19. N2g3 Ne7 20. Qe2 Bg6 21. Qg4 $36 {[%mdl 2048] Black must now prevent Qe6+. White fights for an advantage.} Nf5 {[#]} 22. h4 $1 {[%mdl 512]} gxh4 (22... d5 $1 $11 23. Nxc5 Nxh4) (22... Nxh4 23. Qe6+) 23. Qxg6 hxg3 24. Nxg3 Rf6 25. Qg4 Nxg3+ 26. Qxg3 Qa5 27. a4 Raf8 28. Re2 Kh7 29. Bd2 Qc7 30. Kg1 Rg6 31. Qh3 Qf7 32. Rf1 Rf6 33. f3 Rf5 {[#]} 34. Be3 (34. Re4 $1 $16) 34... Qg6 (34... Rh5 $11 35. Qg4 Kh8) 35. g4 $16 R5f7 36. Rg2 Kg8 37. Rff2 Qe6 38. Rh2 {[%cal Re3h6]} Rf6 39. Kf1 R8f7 40. Qg2 (40. Ke2 $14) 40... d5 41. Bxc5 (41. Rh4 $11) 41... e4 $1 $15 {[%cal Re4e3] Hoping for ...e3.} 42. fxe4 (42. Rh3 $1 $15) 42... Rxf2+ $17 43. Bxf2 {aiming for Rh5.} Bd4 $1 44. Qg3 $2 (44. Qh3 $17 dxe4 45. dxe4) 44... Be5 45. exd5 $2 (45. Qg2 {was necessary.} Bxh2 46. Qxh2) 45... Qd6 $19 46. Rxh6 Bxg3 ({Less strong is} 46... Qxh6 47. Qxe5 Qh1+ 48. Ke2 $17) 47. Rxd6 Bxd6 48. Ke2 cxd5 49. c4 $2 (49. c3) 49... Rb7 {Black is clearly winning.} 50. c5 Be5 51. c6 Rxb3 52. Bc5 Rb8 53. d4 Bh2 54. Kf3 Rc8 55. g5 Kf7 56. Kg4 Kg6 {Precision: White = 32%, Black = 58%.} 0-1

[Event "83rd ESP-ch Women-ch 2018"]
[Site "Linares"]
[Date "2018.08.23"]
[Round "4"]
[White "Cuevas Fernandez, Jose Alberto"]
[Black "Balbuena Fuentes, Mario"]
[Result "1/2-1/2"]
[WhiteElo "2147"]
[BlackElo "2306"]
[Annotator "TA"]
[PlyCount "67"]
[EventDate "2018.08.09"]
[EventType "tourn"]
[EventCountry "ESP"]
[SourceTitle "playchess.com"]
[Source "ChessBase"]
[SourceQuality "1"]

{[%evp 16,67,32,20,38,-3,9,0,2,8,43,0,89,83,83,85,85,85,89,89,79,88,108,82,113,102,117,117,163,163,168,162,166,80,84,82,87,41,42,19,61,69,70,45,120,122,181,178,236,230,242,235,237,104]} 1. d4 e6 2. c4 b6 3. Nf3 Bb7 4. g3 Bb4+ 5. Nc3 f5 6. Bg2 Nf6 7. O-O O-O 8. Qb3 {A84: Dutch Defence: 2 c4 Miscellaneous} a5 9. Bg5 {LiveBook: 10 Games} h6 10. Bc1 $146 {White is slightly better.} (10. Bxf6 $5 Qxf6 11. Nb5 $14) ({Predecessor:} 10. Bxf6 Rxf6 11. Rfd1 Kh8 12. d5 exd5 13. Nxd5 Bxd5 14. cxd5 Na6 15. a3 Bd6 16. Qc4 {1-0 (63) Vachier Lagrave,M (2686)-Vaisser,A (2556) Pau 2012}) 10... Qe8 11. Nb5 Na6 12. Bf4 d5 13. a3 Be7 (13... dxc4 $11 {keeps the balance.} 14. Qxc4 Bd5 15. Nxc7 Bxc4 16. Nxe8 Rfxe8) 14. Nxc7 $16 ({Much worse is} 14. Bxc7 $6 dxc4 15. Qxc4 Bd5 $11) 14... Nxc7 15. Qxb6 Qc8 16. Qxc7 (16. Bxc7 $2 Ra6 $19) 16... Qxc7 17. Bxc7 Rfc8 18. Bf4 Rxc4 19. Rac1 Ba6 {[#]} 20. Ne5 $1 {[%cal Re5c4]} Rxc1 21. Rxc1 Bxe2 22. Rc6 Rb8 23. Ng6 (23. Rxe6 Rxb2 24. h4 (24. Rxe7 Rb1+ 25. Bf1 Rxf1+ 26. Kg2 Ra1 $11) 24... Bxa3 $11) 23... Rb7 24. h3 (24. Rxe6 $18 {is more deadly.} Kf7 25. Rxe7+ (25. Rxe2 Kxg6 26. h4 Ne4 $16) 25... Rxe7 26. Nxe7 Kxe7 27. Be5) 24... Bh5 25. Nxe7+ Rxe7 26. Bd6 Rb7 27. b4 axb4 28. Bxb4 Kf7 29. Bf1 Bd1 (29... Nd7 $14) 30. Ba6 Rb8 (30... Ra7 $16 {might work better.}) 31. Bc8 $18 {White is clearly better.} Ba4 (31... Kg6 {was necessary.} 32. Bxe6 Bf3) 32. Bxe6+ Kg6 33. Ra6 Bb3 34. Be7 {Precision: White = 59%, Black = 33%.} (34. f3 $18 {and White stays clearly on top.}) 1/2-1/2

[Event "83rd ESP-ch Women-ch 2018"]
[Site "Linares"]
[Date "2018.08.23"]
[Round "4"]
[White "Gomez Sanjuan, Hector Fernando"]
[Black "Galiana Fernandez, Adrian"]
[Result "0-1"]
[WhiteElo "2146"]
[BlackElo "2291"]
[Annotator "TA"]
[PlyCount "60"]
[EventDate "2018.08.09"]
[EventType "tourn"]
[EventCountry "ESP"]
[SourceTitle "playchess.com"]
[Source "ChessBase"]
[SourceQuality "1"]

{[%evp 13,60,2,14,0,3,0,9,-46,-46,-41,-56,-39,-22,-86,-59,-73,-57,-79,-47,-121,-104,-237,-253,-245,-243,-316,-298,-298,-285,-466,-330,-382,-379,-600,-589,-3086,-2601,-29992,-29993,-29993,-1803,-29995,-29996,-29996,-29997,-29997,-29998,-29998,-29999]} 1. d4 Nf6 2. Nf3 g6 3. Nc3 Bg7 4. e4 d5 (4... d6 5. Be2 O-O 6. O-O Bg4 7. Be3 Nc6 8. Qc1 e5 9. dxe5 dxe5 10. Rd1 Qe7 11. Bg5 Qc5 12. Bxf6 Bxf6 13. Nd5 Bg7 14. c3 Bxf3 15. Bxf3 Ne7 {1-0 (25) Carlsen,M (2832)-Guseinov,G (2645) chess.com INT 2017}) 5. e5 Ne4 6. Nxe4 {A48: 1 d4 Nf6 2 Nf3 g6: Torre, London and Colle Systems} dxe4 7. Ng5 c5 $1 {LiveBook: 7 Games} 8. c3 {aiming for Bb5+.The position is equal.} cxd4 9. cxd4 Nc6 10. Be3 (10. Bc4 $11) 10... Qa5+ $1 $15 11. Qd2 Qxd2+ 12. Kxd2 Bf5 13. Bb5 (13. Bc4 $11) 13... h6 $146 {[%mdl 2048] Black fights for an advantage.} ({Predecessor:} 13... O-O 14. Rac1 Nb4 {½-½ (30) Herring,S (1907)-Goater,K (2128) Wakefield 2017}) 14. Bxc6+ bxc6 15. Nh3 Rd8 16. Kc3 {[#]} (16. Kc2 $15) 16... c5 $1 {[%mdl 512]} 17. Nf4 (17. dxc5 $17 Bxe5+ 18. Kc2) 17... cxd4+ $19 18. Bxd4 O-O {Threatens to win with ...Rd7.} 19. Rhd1 Rd7 20. h3 Rc8+ 21. Kb3 $2 (21. Kb4 {was the only defense.}) 21... Rcd8 22. Kc3 {[#]} Bxe5 $1 {[%mdl 512]} 23. Ne2 (23. Bxe5 $142 Rxd1 24. Rxd1 Rxd1 25. g4) 23... Rc7+ 24. Kb3 Rb8+ 25. Ka4 Bd7+ 26. Ka5 Bxd4 (26... Rc4 $142 27. a4 Bc7+ 28. Ka6 Bc8+ 29. Kxa7 Rcb4 30. Nf4 R4b7+ 31. Ka6 Ra8+ 32. Ba7 Raxa7#) 27. Nxd4 Rc5+ {Black mates.} 28. Ka6 Bc8+ 29. Kxa7 Rb7+ 30. Ka6 Rb4+ {Precision: White = 20%, Black = 80%.} 0-1

[Event "83rd ESP-ch Women-ch 2018"]
[Site "Linares"]
[Date "2018.08.23"]
[Round "4"]
[White "Perez Perez, Gabriel"]
[Black "Rodriguez Redondo, Adhara"]
[Result "0-1"]
[WhiteElo "2058"]
[BlackElo "1909"]
[Annotator "NA RC"]
[PlyCount "120"]
[EventDate "2018.08.09"]
[EventType "tourn"]
[EventCountry "ESP"]
[SourceTitle "playchess.com"]
[Source "ChessBase"]
[SourceQuality "1"]
[TimeControl "40/5400+30:1800+30"]

1. c4 {[%emt 0:00:00]} e6 {[%emt 0:01:19]} 2. g3 {[%emt 0:00:03]} d5 {[%emt 0:00:17]} 3. Bg2 {[%emt 0:00:08]} Nf6 {[%emt 0:00:30]} 4. Nf3 {[%emt 0:01:03]} Be7 {[%emt 0:02:07]} 5. O-O {[%emt 0:00:48]} O-O {[%emt 0:00:46]} 6. b3 {[%emt 0:02:32]} Nbd7 {[%emt 0:03:33]} 7. Bb2 {[%emt 0:00:22]} b6 {[%emt 0:01:47]} 8. Nc3 {[%emt 0:19:09]} Bb7 {[%emt 0:00:48]} 9. d4 {[%emt 0:00:42]} Rc8 {[%emt 0:06:58]} 10. Rc1 {[%emt 0:03:50]} c6 {[%emt 0:03:18]} 11. Qd3 {[%emt 0:10:17] E07: Closed Catalan: Main Line (5 Nf3 0-0 6 0-0 Nbd7)} Rc7 {[%emt 0:04:44]} 12. Nd2 $146 {[%emt 0:12:40]} ({Predecessor:} 12. cxd5 cxd5 13. Ne5 Nxe5 14. dxe5 Nd7 15. Qd2 Nxe5 16. Nxd5 Bxd5 17. Bxe5 Rxc1 18. Rxc1 Bxg2 19. Qxd8 Rxd8 20. Kxg2 {½-½ (31) Horvath,C (2514)-Buhmann,R (2594) Austria 2013}) 12... Qb8 {[%emt 0:09:37]} 13. e4 {[%emt 0:01:45]} dxe4 {[%emt 0:07:33]} 14. Ndxe4 {[%emt 0:00:04]} Rd8 {[%emt 0:10:15]} 15. Qe3 {[%emt 0:14:29]} Nxe4 {[%emt 0:14:10]} 16. Nxe4 {[%emt 0:00:11]} Qa8 {[%emt 0:04:05]} 17. Qf4 {[%emt 0:01:59]} Rcc8 {[%emt 0:02:14]} 18. Rfd1 {[%emt 0:13:06]} Qb8 {[%emt 0:05:16]} 19. Qe3 {[%emt 0:05:12]} Nf6 {[%emt 0:04:55]} 20. Ng5 {[%emt 0:01:31]} Ng4 {[%emt 0:03:32]} 21. Qd2 {[%emt 0:00:02]} h6 {[%emt 0:02:37]} 22. Ne4 {[%emt 0:03:50]} Nf6 {[%emt 0:02:18]} 23. Nc3 {[%emt 0:00:06]} Rd7 {[%emt 0:02:29]} 24. Qe2 {[%emt 0:01:59]} Rcd8 {[%emt 0:01:13]} 25. Re1 {[%emt 0:03:33]} c5 {[%emt 0:02:58]} 26. d5 {[%emt 0:00:13]} exd5 {[%emt 0:00:07]} 27. Bh3 {[%emt 0:01:27]} d4 {[%emt 0:01:32]} 28. Nd5 {[%emt 0:00:05]} Nxd5 {[%emt 0:01:10]} 29. Bxd7 {[%emt 0:00:10]} Rxd7 {[%emt 0:00:34]} 30. cxd5 {[%emt 0:00:09]} Bxd5 {[%emt 0:00:43]} 31. f3 {[%emt 0:01:12]} Qb7 {[%emt 0:00:24]} 32. Rf1 {[%emt 0:00:33]} Rd6 {[%emt 0:00:50]} 33. Rce1 {[%emt 0:00:47]} Re6 {[%emt 0:00:32]} 34. Qd3 {[%emt 0:00:45]} Rf6 {[%emt 0:01:15]} 35. Bc1 {[%emt 0:01:37]} Qd7 {[%emt 0:00:30]} 36. Bf4 {[%emt 0:00:30]} Rg6 {[%emt 0:00:30]} 37. Rf2 {[%emt 0:00:30]} Be6 {[%emt 0:00:32]} 38. Kh1 {[%emt 0:00:25]} Bf5 {[%emt 0:00:26]} 39. Qd2 {[%emt 0:00:01]} Kh7 {[%emt 0:00:33]} 40. Rfe2 {[%emt 0:00:47]} Bf6 {[%emt 0:00:22]} 41. Re8 {[%emt 0:30:20]} Qc6 {[%emt 0:30:30]} 42. Kg2 {[%emt 0:01:08]} Be6 {[%emt 0:00:32]} 43. Rb8 {[%emt 0:00:04]} Be7 {[%emt 0:00:33]} 44. Qd3 {[%emt 0:00:22]} Bd6 {[%emt 0:00:31]} 45. Bxd6 {[%emt 0:01:04]} Qxd6 {[%emt 0:00:04]} 46. Ra8 {[%emt 0:00:42]} Qd7 {[%emt 0:00:53]} 47. Qa6 {[%emt 0:00:36]} Bh3+ {[%emt 0:00:30]} 48. Kf2 {[%emt 0:00:13]} Rf6 {[%emt 0:00:36]} (48... b5 $142 49. Qxa7 Qd5) 49. Ree8 {[%emt 0:00:25]} Qf5 {[%emt 0:00:29]} 50. f4 {[%emt 0:01:02]} Bg4 {[%emt 0:00:25]} 51. Qf1 {[%emt 0:00:25]} Qc2+ {[%emt 0:00:34]} 52. Kg1 {[%emt 0:00:02]} Qxa2 {[%emt 0:00:29]} 53. Rh8+ {[%emt 0:00:41]} Kg6 {[%emt 0:00:05]} 54. Rad8 {[%emt 0:00:31]} Qxb3 {[%emt 0:00:22]} 55. Rhe8 {[%emt 0:00:40]} Re6 {[%emt 0:00:46]} 56. Rxe6+ $19 {[%emt 0:00:20]} Qxe6 {[%emt 0:00:08]} 57. Qc1 {[%emt 0:00:51]} Qe4 {[%emt 0:00:37]} 58. Rd6+ {[%emt 0:00:13]} Kh7 {[%emt 0:00:08]} 59. Qd2 {[%emt 0:00:31]} Bh3 {[%emt 0:00:15]} 60. f5 {[%emt 0:00:23]} Qb1+ {[%emt 0:00:12]} 0-1

[Event "83rd ESP-ch Women-ch 2018"]
[Site "Linares"]
[Date "2018.08.23"]
[Round "4"]
[White "Comellas Martos, Lidia"]
[Black "Alvarez Serrano, Carlos"]
[Result "0-1"]
[WhiteElo "2001"]
[BlackElo "2225"]
[Annotator "TA"]
[PlyCount "48"]
[EventDate "2018.08.09"]
[EventType "tourn"]
[EventCountry "ESP"]
[SourceTitle "playchess.com"]
[Source "ChessBase"]
[SourceQuality "1"]

{[%evp 13,48,19,10,-15,-15,-15,-18,-26,0,-25,0,-25,0,-29,-8,-31,0,-27,-24,-95,-92,-116,-118,-250,-242,-658,-604,-538,-128,-125,-92,-556,-537,-527,-505,-969,-955]} 1. e4 c5 2. Nf3 d6 3. Bb5+ Nd7 4. d4 cxd4 5. Qxd4 a6 6. Bxd7+ Bxd7 7. O-O e5 {LiveBook: 225 Games. B51: Sicilian: Moscow Variation (3 Bb5+) without 3...Bd7} 8. Qd1 (8. Qd3 Rc8 9. Nc3 h6 10. Nd2 Be6 11. Rd1 Nf6 12. Nf1 Be7 13. Ne3 O-O 14. a4 Qb6 15. a5 Qc5 16. Bd2 {0-1 (40) Predojevic,B (2621)-Saric,I (2662) Germany 2018}) 8... h6 9. Nc3 Nf6 {The position is equal.} 10. Qe2 $146 ({Predecessor:} 10. Re1 Be7 11. a4 O-O 12. a5 Qc7 13. Be3 Rac8 14. Qd3 Be6 15. Bb6 {0-1 (49) Treguer,P (1951)-Dijkhuis,T (2417) Les Sables d'Olonne 2017}) 10... Rc8 11. Rd1 Qc7 12. Ne1 Qc4 13. Qd3 Be6 14. f3 b5 15. a3 Be7 16. f4 (16. Be3 $11 {remains equal.}) 16... O-O $17 17. Nf3 Qc7 18. Ne1 {[#]} (18. Be3 $17) 18... Ng4 $1 $19 19. Qg3 $2 (19. Rd2) 19... Qa7+ 20. Kf1 h5 $2 (20... exf4 $19 21. Bxf4 g5 22. Bxd6 f5 23. Bxe7 fxe4+ 24. Bxf8 Rxf8+ 25. Nf3 Bc4+ 26. Rd3 exd3 27. cxd3 Bxd3+ 28. Ne2 Ne3+ 29. Kg1 Bxe2) 21. f5 $17 Bc4+ 22. Ne2 $2 {[%mdl 8192]} (22. Nd3 $17 {was the crucial defense.}) 22... Qb7 $19 {Black is clearly winning.} 23. Nd3 Qxe4 24. h3 {[#]} (24. Ke1 $142) 24... Bh4 $1 {[%mdl 512] Precision: White =  9%, Black = 46%.} 0-1

[Event "83rd ESP-ch Women-ch 2018"]
[Site "Linares"]
[Date "2018.08.23"]
[Round "4"]
[White "Gonzalez Guedes, Iyan"]
[Black "Porta Tovar, Guillem"]
[Result "0-1"]
[WhiteElo "1925"]
[BlackElo "2166"]
[Annotator "TA"]
[PlyCount "52"]
[EventDate "2018.08.09"]
[EventType "tourn"]
[EventCountry "ESP"]
[SourceTitle "playchess.com"]
[Source "ChessBase"]
[SourceQuality "1"]

{[%evp 16,52,29,31,27,25,29,14,40,33,54,22,26,0,23,-90,-55,-51,47,44,40,-94,-98,-107,-107,-100,-106,-110,-102,-97,-119,-780,-779,-1028,-667,-669,-661,-868,-840]} 1. e4 c5 2. Nf3 d6 3. c3 Nf6 4. Be2 Nc6 5. d4 e6 6. Bd3 d5 7. e5 Nd7 8. O-O Be7 9. a3 {LiveBook: 7 Games} c4 {C02: French: Advance Variation} 10. Bc2 b5 11. Nbd2 Bb7 $146 {The position is equal.} ({Predecessor:} 11... Nb6 12. Ne1 Kd7 13. f4 f5 14. exf6 gxf6 15. f5 e5 16. dxe5 fxe5 17. Ne4 {½-½ (78) Bok,B (2488)-Seirawan,Y (2652) Netherlands 2012}) 12. Ne1 Qa5 13. f4 g6 14. g4 O-O-O 15. f5 (15. Ndf3 $11) 15... gxf5 16. gxf5 Ncxe5 (16... Ndxe5 $15 17. f6 Bd6 18. dxe5 Bxe5) 17. dxe5 $14 Nxe5 {[#] Hoping for ...Qb6+.} 18. Nef3 (18. Qe2 $14 {stays ahead.} d4 19. Qxe5 Rhg8+ 20. Kf2) 18... Qb6+ $17 19. Kh1 d4 20. Be4 dxc3 21. Bxb7+ Qxb7 22. bxc3 exf5 23. Qc2 $2 {[%mdl 8192]} (23. a4 $17 Bc5 24. axb5) 23... Rd3 $19 {[#] ...Rg8 is the strong threat.Black is clearly winning.} 24. Qd1 Rg8 {And now ...Bc5 would win.} 25. Qe2 f6 26. a4 Bc5 {Precision: White = 24%, Black = 55%.} 0-1

[Event "83rd ESP-ch Women-ch 2018"]
[Site "Linares"]
[Date "2018.08.23"]
[Round "4"]
[White "Maranon Canton, Antonio"]
[Black "Sole Pijuan, Ferran"]
[Result "0-1"]
[WhiteElo "1868"]
[BlackElo "2320"]
[Annotator "TA"]
[PlyCount "86"]
[EventDate "2018.08.09"]
[EventType "tourn"]
[EventCountry "ESP"]
[SourceTitle "playchess.com"]
[Source "ChessBase"]
[SourceQuality "1"]

{[%evp 20,86,35,39,31,34,38,31,45,39,46,-12,36,37,37,30,35,-10,-15,-82,-81,-97,-89,-97,-12,-13,-15,-18,-5,-41,-32,-50,-14,-110,-114,-116,-108,-111,-98,-91,-119,-352,-248,-1250,-1118,-1094,-841,-843,-829,-818,-794,-764,-691,-998,-955,-941,-831,-920,-739,-1340,-1328,-1328,-1328,-1468,-1384,-1382,-1348,-1453,-1416]} 1. Nf3 d5 2. g3 c6 3. Bg2 Bg4 4. d4 Nd7 5. O-O e6 6. Nbd2 {[%cal Bb1d2,Bd2f3,Bf3e5,Be5d3][%mdl 32]} f5 7. c4 Bd6 8. b3 Ngf6 9. Bb2 O-O 10. Ne5 Bh5 {A07: Réti Opening: New York and Capablanca Systems} (10... Qe8 11. f3 Bh5 12. Kh1 a5 13. Qc2 Qb8 14. Nxd7 Nxd7 15. e4 Bg6 16. Bh3 Qe8 17. Rae1 fxe4 18. fxe4 Rxf1+ 19. Bxf1 {0-1 (45) Dobrovolsky,L (2382)-Vavrak,P (2428) Tatranske Zruby 2007}) 11. Ndf3 {LiveBook: 3 Games} Ne4 12. Nxd7 Qxd7 {White is slightly better.} 13. Ne5 Qc7 $146 ({Predecessor:} 13... Qe7 14. Qc2 Rac8 15. f3 Nf6 16. c5 Bb8 17. Nd3 g5 18. Qd2 h6 19. Rae1 Bg6 20. f4 Ne4 21. Qe3 Rf7 22. Bxe4 fxe4 {½-½ (64) Corvi,M (2215)-Marzano,C (2160) Italy 1996}) 14. f3 Nf6 15. c5 ({Better is} 15. e3 $14) 15... Be7 (15... Bxe5 $5 16. dxe5 Nd7 $11) 16. Qc2 Nd7 17. Nd3 Bg5 18. e4 (18. f4 $5 {[%cal Rf4g5]} Be7 19. Bf3 $14) 18... Bxf3 19. Rxf3 (19. Bxf3 $11 dxe4 20. Bxe4 fxe4 21. Nf2) 19... dxe4 $17 20. Rff1 exd3 21. Qxd3 Bf6 (21... Nf6 $17) 22. Qc4 Kh8 23. Rae1 e5 24. Rxf5 {[%cal Rd4e5]} exd4 25. Rh5 g6 26. Rh3 (26. Rh4 $1 $11) 26... Ne5 $36 {[%mdl 2048] White is under strong pressure.} 27. Qxd4 {[#]} Nf3+ $1 {[%mdl 512]} 28. Bxf3 {Qxf6+ is the strong threat.} Bxd4+ 29. Bxd4+ Kg8 30. Bg4 $2 (30. Be2 $17 {is the only way for White.} Rf5 31. Bc4+ Kf8 32. Be3) 30... Rae8 31. Rd1 $2 (31. Be6+ Rxe6 32. Rxe6) 31... Re4 {aiming for ...Qf7.Black is clearly winning.} 32. Rh4 Qf7 {[#] ( -> ...Rxd4!)} 33. Bh3 Rxh4 34. gxh4 h5 35. Rf1 Qd5 36. Rxf8+ Kxf8 37. Bf2 Ke8 38. Bc8 Qf7 39. b4 Kd8 40. Bh3 Qxa2 41. Be1 Qe2 42. Bf2 Qe4 43. b5 cxb5 {Precision: White = 33%, Black = 60%.} 0-1